| 000 | 01708nam a22002177a 4500 | ||
|---|---|---|---|
| 999 |
_c57960 _d57960 |
||
| 003 | Ge_BSU | ||
| 005 | 20221221134410.0 | ||
| 008 | 210408s2021 ge ||||| |||| 00| 0 geo d | ||
| 041 | _ageo | ||
| 080 | _a58 ა-14 | ||
| 100 | _4აბაშიძე, ნანა | ||
| 245 |
_aბათუმის ბოტანიკურ ბაღში ინტროდუცირებულ ზოგიერთ ეგზოტთა ეკობიომორფოლოგიური და ბიოქიმიური თავისებურებები აჭარის ზღვისპირეთში / _cნანა აბაშიძე; სამეცნიერო ხელმძღვანელი ფ. ჩხაიძე; სამეცნიერო კონსულტანტი ა. კალანდია; ბსუ, საბუნებისმეტყველო მეცნიერებათა და ჯანდაცვის ფაკულტეტი. ბიოლოგიის დეპარტამენტი. |
||
| 264 |
_aბათუმი, _c2021. |
||
| 300 |
_a140 გვ.: _bილ. _c30 სმ. |
||
| 504 | _aბიბლიოგრ. გვ. 122-140 | ||
| 653 | _aბიოლოგია | ||
| 653 | _aდისერტაცია | ||
| 700 |
_aჩხაიძე, ფ. _eსამეცნიერო ხელმძღვანელი _911201 |
||
| 710 |
_aბსუ, _bსაბუნებისმეტყველო მეცნიერებათა და ჯანდაცვის ფაკულტეტი. ბიოლოგიის დეპარტამენტი _911202 |
||
| 942 |
_2udc _cDS |
||